German words - Statistics

General Stats
  • This quiz has been taken 3 times
  • The average score is 5 of 15
Answer Stats
Hint Answer % Correct
Werken Arbeiten
67%
Bezoeken Besuchen
67%
Instrument Das Instrument
67%
Cinema Das Kino
67%
Weekend Das Wochenende
67%
Vrije tijd Die Freizeit
33%
Muziek Die Musik
33%
Televisie kijken Fernsehen
33%
Voetballen Fussball spielen
33%
Uitslapen Ausschlafen
0%
Computerspel Das computerspiel
0%
De uitstap Der Ausflug
0%
Pretpark Der Freitzeitpark
0%
Café Die Kneipe
0%
Fuif Die Party
0%
No matching quizzes found
Score Distribution
Percent of People with Each Score
Percentile by Number Answered
Your Score History
You have not taken this quiz